Bibliografía de la literatura costarricense, 1890-1940 /

Uloženo v:
Podrobná bibliografie
Hlavní autor: Quesada Soto, Álvaro, 1945-2001
Médium: Neznámo
Jazyk:Spanish
Vydáno: San José, Costa Rica : CIRCA, CIICLA. Editorial de la Universidad de Costa Rica, 1995.
Vydání:1. edición
Témata:
Tagy: Přidat tag
Žádné tagy, Buďte první, kdo vytvoří štítek k tomuto záznamu!

MARC

LEADER 000000000a22000000004500
001 002796
041 0 |a spa 
082 0 4 |a CR860.16   |b Q5b Referencia 
100 1 |a Quesada Soto, Álvaro,   |b 1945-2001 
245 1 0 |a Bibliografía de la literatura costarricense, 1890-1940 /   |c Álvaro Quesada Soto. 
250 |a 1. edición 
260 1 |a San José, Costa Rica :   |b CIRCA, CIICLA. Editorial de la Universidad de Costa Rica,   |c 1995. 
300 |a 116 páginas 
500 |a En la cubierta: Módulos Bibliográficos. Serie Técnica, Número 1. Julio 1995. Centro de Información y Referencia sobre Centroamérica y el Caribe 
650 4 |a LITERATURA COSTARRICENSE 
650 4 |a BIBLIOGRAFIAS 
999 |c 9152  |d 9152 
942 |c BK  |h CR860.16 Q5b Referencia  |2 z